Viation engineering education using new learning technology

Vyučovanie s použitím počítačov (CBT - Computer based training). Vzdelávacie systémy založené na multimédiách. Výučba údržby lietadiel. Využitie CBT vo výučbe dizajnu lietadiel.

Gespeichert in:
Bibliographische Detailangaben
1. Verfasser: Piľa, Ján
Weitere Verfasser: Hajduová, Zuzana, 1974-, Piľa, Maroš
Format: Buchkapitel
Sprache:Englisch
Schlagworte:
Tags: Tag hinzufügen
Keine Tags, Fügen Sie das erste Tag hinzu!

MARC

LEADER 00000naa$a2200000$$$4500
001 0105160
005 20240502072146.0
041 0 |a eng 
044 |a SK 
245 1 0 |a Viation engineering education using new learning technology  |c Ján Piľa, Zuzana Hajduová, Maroš Piľa 
520 |a Vyučovanie s použitím počítačov (CBT - Computer based training). Vzdelávacie systémy založené na multimédiách. Výučba údržby lietadiel. Využitie CBT vo výučbe dizajnu lietadiel. 
610 2 0 |a vzdelávanie elektronické 
610 2 0 |a využitie počítačov 
610 2 0 |a multimédiá 
610 2 0 |a lietadlá 
610 2 0 |a dizajn 
100 1 |a Piľa, Ján 
700 1 |a Hajduová, Zuzana, 1974- 
700 1 |a Piľa, Maroš